000 01432cam a22002891i 4500
003 SA-RiAUC
005 20251106065637.0
008 251105s1988____su g 000 0bara c
040 _aSA-RiIMS
_bara
_cSA-RiAUC
_erda
043 _aa-sy---
082 0 4 _a922.584
_qSA-RiAUC
090 _a922.584
_bا ب ن م
100 1 _aابن المري، أحمد بن محمد،
_dتوفي قرن 8 هجري
_eمؤلف.
245 1 0 _aقطعة من مكتوب الشيخ الإمام الزاهد شهاب الدين أحمد بن مري الحنبلي كتبه إلى حنابلة دمشق يعزيهم بالمصاب /
_cتقديم وتحقيق محمد بن إبراهيم الشيباني.
250 _aالطبعة الأولى.
264 1 _aالرياض :
_bمكتبة ابن تيمية،
_c1988
300 _a23 صفحة ؛
_c24 سم.
336 _aنص
_btxt
_2rdacontent
_3كتاب
337 _aبدون وسيط
_bn
_2rdamedia
338 _aمجلد
_bnc
_2rdacarrier
490 0 _aإحياء تراجم ابن تيمية المتفرقة ؛
_v4
600 1 7 _aابن تيمية، أحمد بن عبد الحليم بن عبد السلام،
_d661-728 هجري
_xوفاة ودفن
_2aucnm
650 7 _aالفقهاء الحنابلة
_zدمشق
_xوفاة
_2aucsh
700 1 _aالشيباني، محمد بن إبراهيم جاسم،
_d1947-
_eمقدم.
942 _2ddc
_cBOOK
_n0
949 _aSA-JeALM
_d251105
_umohamedma123
_n1
999 _c13035
_d13035